Municipal and rural sanitation (Record no. 12109)

000 -LEADER
fixed length control field 00625nam a22002171 4500
001 - CONTROL NUMBER
control field 12109
003 - CONTROL NUMBER IDENTIFIER
control field BD-DhUET
008 - FIXED-LENGTH DATA ELEMENTS--GENERAL INFORMATION
fixed length control field 720914s1965 nyua b 000 0 eng
040 ## - CATALOGING SOURCE
Original cataloging agency DLC
Transcribing agency DLC
Modifying agency BD-DhUET
082 ## - DEWEY DECIMAL CLASSIFICATION NUMBER
Classification number 628
Item number EHL/1965
100 ## - MAIN ENTRY--PERSONAL NAME
Personal name Ehlers, Victor M.
245 10 - TITLE STATEMENT
Title Municipal and rural sanitation
250 ## - EDITION STATEMENT
Edition statement 6th ed.
260 ## - PUBLICATION, DISTRIBUTION, ETC. (IMPRINT)
Place of publication, distribution, etc. New Delhi
Name of publisher, distributor, etc. Tata McGraw-Hill
Date of publication, distribution, etc. 1965
300 ## - PHYSICAL DESCRIPTION
Extent xiv, 663 p.
Other physical details ill.
Dimensions 24 cm.
490 0# - SERIES STATEMENT
Series statement McGraw-Hill series in sanitary science and water resources engineering
504 ## - BIBLIOGRAPHY, ETC. NOTE
Bibliography, etc Includes bibliographies
650 #0 - SUBJECT ADDED ENTRY--TOPICAL TERM
Topical term or geographic name as entry element Sanitary engineering
700 ## - ADDED ENTRY--PERSONAL NAME
Personal name Steel, Ernest W.
942 ## - ADDED ENTRY ELEMENTS (KOHA)
Koha item type General Book
Holdings
Sublocation or collection (holding branch) Koha normalized classification for sorting Koha date last seen Copy number Damaged status Not for loan Koha item type Koha full call number Date acquired Source of classification or shelving scheme Price effective from Withdrawn status Location (home branch) Shelving location Piece designation (barcode) Lost status
Central Library, BUET628_000000000000000_EHL_19652015-02-231  General Book628/EHL/19652015-02-23 2015-02-23 Central Library, BUETCirculation section54823 
Central Library, BUET628_000000000000000_EHL_19652015-05-062  General Book628/EHL/19652015-05-06 2015-05-06 Central Library, BUETCirculation section57340 
Central Library, BUET628_000000000000000_EHL_19652015-05-063  General Book628/EHL/19652015-05-06 2015-05-06 Central Library, BUETCirculation section57341 
Central Library, BUET628_000000000000000_EHL_19582015-05-074  General Book628/EHL/19582015-05-07 2015-05-07 Central Library, BUETCirculation section42726 
Central Library, BUET628_000000000000000_EHL_19652015-05-075  General Book628/EHL/19652015-05-07 2015-05-07 Central Library, BUETCirculation section19515 
Central Library, BUET628_000000000000000_EHL_19652015-05-076  General Book628/EHL/19652015-05-07 2015-05-07 Central Library, BUETCirculation section20785 
Central Library, BUET628_000000000000000_EHL_19652015-05-077  General Book628/EHL/19652015-05-07 2015-05-07 Central Library, BUETCirculation section19514 
Central Library, BUET628_000000000000000_EHL_19652015-05-078  General Book628/EHL/19652015-05-07 2015-05-07 Central Library, BUETCirculation section25851 
Central Library, BUET628_000000000000000_EHL_19652015-05-079  General Book628/EHL/19652015-05-07 2015-05-07 Central Library, BUETCirculation section20784